Bilecik Bilecik Bilecik Bilecik Bilecik

Elektrik meslek resim/ (Record no. 644)

MARC details
000 -BAŞLIK
Sabit Uzunluktaki Kontrol Alanı 00840nam a22003017a 4500
001 - KONTROL NUMARASI
Control Dosyası 0000644
003 - KONTROL NUMARASI KİMLİĞİ
Kontrol Alanı KOHA_MİRAKIL
005 - EN SON İŞLEM TARİHİ ve ZAMANI
Kontrol Alanı 20260207001216.0
007 - FİZİKSEL TANIM SABİT ALAN - GENEL BİLGİ
Sabit uzunluklu kontrol alanı ta
008 - SABİT UZUNLUKTAKİ VERİ ÖGELERİ - GENEL BİLGİ
Sabit Alan 081212b2005 tu |||gr||||#||||0|tur |
020 ## - ISBN - ULUSLARARASI STANDART KİTAP NUMARASI
Kullanılabilirlik koşulları YTL11,69
040 ## - KATALOGLAMA KAYNAĞI
Özgün Kataloglama Kurumu TR-BiSEU
Kataloglama Dili tur
Çeviri Kurumu TR-BiSEU
Açıklama Kuralları rda
041 0# - DİL KODU
Metin ya da ses kaydının dil kodu tur
044 ## - YAYINLAYAN/ÜRETEN KURULUŞUN ÜLKE KODU
ISO country code tu
050 ## - SINIFLAMA ve YER NUMARASI
Sınıflama Numarası TK431
Yer Numarası .D64 2005
100 1# - KİŞİ ADI
Yazar Adı (Kişi adı) Doğru, Ali.
245 1# - ESER ADI BİLDİRİMİ
Başlık Elektrik meslek resim/
Sorumluluk Bildirimi Ali Doğru ; Ali Doğru, Mahmut Nacar.
264 #1 - ÜRERİM, YAYIN, DAĞITIM ve TELİF BİLDİRİMİ
Yayın yeri [y.y.] :
Yayınlayan [y.y.]
Yayın tarihi 2005
300 ## - FİZİKSEL TANIMLAMA
Sayfa, Cilt vb. 261 sayfa
336 ## - İÇERİK TÜRÜ
Content type term metin
Content type code txt
Source rdacontent
337 ## - MEDYA TÜRÜ
Media type term aracısız
Media type code n
Source rdamedia
338 ## - TAŞIYICI TÜRÜ
Carrier type term cilt
Carrier type code nc
Source rdacarrier
650 #0 - KONU BAŞLIĞI EK GİRİŞ - KONU TERİMİ
Konusal terim veya coğrafi ad Elektrik tesisatı--Grafikler, şekiller, vb.
9 (RLIN) 2991
650 #0 - KONU BAŞLIĞI EK GİRİŞ - KONU TERİMİ
Konusal terim veya coğrafi ad Aydınlatma.
9 (RLIN) 2992
650 #0 - KONU BAŞLIĞI EK GİRİŞ - KONU TERİMİ
Konusal terim veya coğrafi ad Elektrik teknik resmi.
9 (RLIN) 2993
650 #0 - KONU BAŞLIĞI EK GİRİŞ - KONU TERİMİ
Konusal terim veya coğrafi ad Teknik resim.
9 (RLIN) 1795
942 ## - EK GİRİŞ ÖGELERİ (KOHA)
Source of classification or shelving scheme Library of Congress Classification
Koha item type Book
Holdings
Materyal Türü Kalıcı Konum Mevcut Konum Raf Yeri Sınıflandırma Kaynağı Edinim Bilgisi Ana Konular Alt Konular Yer Numarası Demirbaş Numarası Fatura Tarihi Maliyet, Alış Fiyatı Maliyet, Yenileme Fiyatı Geri Çekilme Durumu Kayıp Durumu Hasarlı Durumu Kredi için değil Kayıt Tarih Toplam Ödünçverme Son Görülme Tarihi Son Kontrol Tarihi
Book Prof. Dr. Azmi Özcan Kütüphanesi Prof. Dr. Azmi Özcan Kütüphanesi Birûni Salonu Library of Congress Classification Satın TEKNOLOJİ Elektrik Mühendisliği, Elektronik, Nükleer Mühendislik TK431 .D64 2005 0000644 12/12/2008 12.63 12.63         12/12/2008 20 05/12/2024 05/12/2024
Book Prof. Dr. Azmi Özcan Kütüphanesi Prof. Dr. Azmi Özcan Kütüphanesi Birûni Salonu Library of Congress Classification Satın TEKNOLOJİ Elektrik Mühendisliği, Elektronik, Nükleer Mühendislik TK431 .D64 2005 0000645 12/12/2008 12.73 12.73     Ciltte   12/12/2008 1 25/11/2025 25/11/2025